Fr. Conceicao Rodrigues College of Engineering

Industrial hydraulic systems (Record no. 27460)

MARC details
000 -LEADER
fixed length control field 00290nam a2200133Ia 4500
100 ## - MAIN ENTRY--PERSONAL NAME
Personal name Banks/D.D & banks D.S
245 ## - TITLE STATEMENT
Title Industrial hydraulic systems
260 ## - PUBLICATION, DISTRIBUTION, ETC.
Name of publisher, distributor, etc. prentice hall
Place of publication, distribution, etc. London
Date of publication, distribution, etc. 1988
300 ## - PHYSICAL DESCRIPTION
Extent 172
546 ## - LANGUAGE NOTE
Language note ENGLISH
654 ## - SUBJECT ADDED ENTRY--FACETED TOPICAL TERMS
Focus term hydraulic
942 ## - ADDED ENTRY ELEMENTS (KOHA)
Koha item type Reference Book
Holdings
Withdrawn status Lost status Damaged status Not for loan Collection Home library Current library Date acquired Source of acquisition Cost, normal purchase price Inventory number Total Checkouts Full call number Barcode Date last seen Cost, replacement price Price effective from Koha item type
        CRC Fr. Agnel's C.Rodrigues College of Engineering Fr. Agnel's C.Rodrigues College of Engineering 17/03/2023 Progressive Books 280.00 2056 dt 05.9.92   3803 17/03/2023 280.00 05/09/1992 Reference Book
        CRC Fr. Agnel's C.Rodrigues College of Engineering Fr. Agnel's C.Rodrigues College of Engineering 17/03/2023 Progressive Books 280.00 2056 dt 05.9.92   3804 17/03/2023 280.00 05/09/1992 BOOK